| 000 | 01106nam0a2200277 4500 | ||
|---|---|---|---|
| 001 | RU\NLR\BIBL_A\010859046 | ||
| 005 | 20250624192801.0 | ||
| 010 |
_a978-5-7670-2344-8 _91000 |
||
| 021 |
_aRU _b2015-53732 _93175 |
||
| 035 | _a(NLR Aleph) 010859046 | ||
| 090 |
_a10411890 _c10411890 |
||
| 100 | _a20151010d2015 |||y0rusy50 ca | ||
| 101 | 1 |
_achv _cmul |
|
| 102 | _aRU | ||
| 105 | _ay z 000 y | ||
| 200 | 1 |
_aТуслăх кěперě _eсăвăсемпе калавсем _f[Н. Г. Иванова пухса хатěрленě] |
|
| 210 |
_aШупашкар _cЧǎваш кěнеке изд-ви _d2015 |
||
| 215 |
_a142,[1] с. _d21 |
||
| 225 | 1 | _aШкул библиотеки | |
| 541 | 1 |
_aМост дружбы _e[стихи, рассказы] _eдля детей сред. и.ст. шк. возраста _zrus |
|
| 686 | 1 | _aШ9(2)672=Чув(А/Я) я44 | |
| 702 | 1 |
_4220 _7ca _8rus _aИванова _bН. Г. _cфилолог _gНадежда Григорьевна _9252190 _3RU\NLR\AUTH\770252246 |
|
| 852 |
_aNLR _bОНЛ _jЧув./3-4141 |
||
| 942 | _cBOOK | ||
| 980 | _aNB | ||